00296nam a22000857a 4500082001400000100002100014245013000035260003600165300000900201 a340.6 SUB aSubrahmanyam B V aParikh's Textbook of Medical Jurisprudence, Forensic Medicine and Toxicology for classrooms and courtrooms cB V Subrahmanyam aNew DelhibCBS Publishersc2016 a722p